| 000 | 00320nam a22001217a 4500 | ||
|---|---|---|---|
| 020 | _a12455833911518 | ||
| 082 |
_a8M0.09 _bHUS/C |
||
| 100 | _aHussain Randathani | ||
| 245 |
_aCheriya Valiya Karyangal/ _cby Hussain Randathani |
||
| 260 |
_aKozhikode: _bPoonkavanam Publications, _c2014. |
||
| 300 | _a160p. | ||
| 942 | _cBK | ||
| 999 |
_c613932 _d613932 |
||